| 000 | | | 04609cac2a2200000 x 450 |
| 001 | | | 6355e82c-eb1e-4bf4-8362-fd12b4a60399 |
| 005 | | | 20160420135904.0 |
| 100 | ## | $a | 20160210l18961896k l0rusy0189 ca |
| 101 | 0# | $a | rus |
| 102 | ## | $a | RU |
| 200 | 1# | $a | Венчание русских государей на царство |
| 251 | ## | $c | Дело |
| 801 | #0 | $a | RU |
| | $b | РГИА |
| | $c | 20160210 |
| | $g | RCR |
| 801 | #1 | $a | RU |
| | $b | ГлавНИВЦ |
| | $c | 20160210 |
| | $2 | rusmarc |
| 801 | #2 | $a | RU |
| | $b | ПБ им. Б.Н. Ельцина |
| | $c | 20160328 |
| | $g | RCR |
| | $2 | rusmarc |
| 850 | ## | $a | РГИА |
| 852 | ## | $a | РГИА |
| | $e | Федеральное казенное учреждение "Российский государственный исторический архив" (РГИА) |
| | $j | 300 |
| 937 | ## | $h | РГИА |
| | $d | 12200996 |
| | $a | ASBIBLIO_SCAN |
| 215 | ## | $a | 37 с. |
| | $d | 20х13 см |
| 105 | ## | $a | y### |
| 122 | 2# | $a | d |
| 210 | 1# | $a | Вильна |
| | $c | Издание Виленского Свято-Духовского братства |
| | $d | 1896 |
| 461 | #0 | $1 | 0012640edd5-2044-417d-b282-4ec02c959e00 |
| | $1 | 2001 |
| | $a | Дублетный фонд НСБ |
| | $1 | 251 |
| | $c | Фонд |
| | $1 | 852 |
| | $j | 0 |
| 462 | #0 | $1 | 00101f3c915-c163-4bd9-8823-fd1c871481a4 |
| | $1 | 2001 |
| | $a | Дублетный фонд Библиотеки |
| | $v | Д. 300 |
| | $1 | 251 |
| | $c | Опись |
| | $1 | 852 |
| | $j | 1 |
| | $l | Д |
| 035 | ## | $a | 6355e82c-eb1e-4bf4-8362-fd12b4a60399 |
| 606 | 1# | $2 | nlr_sh |
| | $3 | RU\NLR\AUTH\661401287 |
| | $a | Коронация |
| | $x | История |
| | $y | Россия |
| 605 | ## | $2 | acquisition_prlib |
| | $3 | LIBNET\UAF\0000061920 |
| | $a | Синод в истории российской государственности |
| | $l | коллекция |
| 605 | ## | $2 | acquisition_Prlib |
| | $3 | DITM\AF\0000002775 |
| | $a | Власть |
| | $l | коллекция |
| 686 | ## | $2 | rubbk |
| | $a | 63.3(2)-332 |
| | $v | LBC/M |
| 712 | 02 | $3 | RU\NLR\AUTH\889963247 |
| | $4 | 650 |
| | $a | Виленское Свято-Духовское православное братство |
| 856 | 4# | $u | http://www.prlib.ru/Lib/pages/item.aspx?itemid=137626 |